| 000 -ლიდერი |
| ფიქსირებული სიგრძის საკონტროლო ველი |
01053nam a22002177a 4500 |
| 003 - საკონტროლო ნომრის იდენტიფიკატორი |
| საკონტროლო ველი |
Ge_BSU |
| 005 - ბოლო ოპერაციის თარიღი და დრო |
| საკონტროლო ველი |
20260203202112.0 |
| 008 - ფიქსირებული სიგრძის მონაცემთა ელემენტები - ზოგადი ინფორმაცია |
| ფიქსირებული სიგრძის საკონტროლო ველი |
260203s2025 ge ||||| |||| 00| 0 geo d |
| 020 ## - წიგნის საერთაშორისო სტანდარტული ნომერი |
| International Standard Book Number |
9789941519048 |
| 041 ## - ენის კოდი |
| Language code of text/sound track or separate title |
geo |
| 080 ## - უნივერსალური ათობითი კლასიფიკაციის ინდექსი |
| Universal Decimal Classification number |
32(479.22)(09)(075.8) ფ-26 |
| 100 ## - მთავარი ჩანაწერი - პიროვნების სახელი |
| Personal name |
ფარტენაძე, ომარ |
| 9 (RLIN) |
2270 |
| 245 ## - ცნობა სათაურის შესახებ |
| Title |
საქართველოს პოლიტიკური და სამართლებრივი სისტემების ისტორიის საკითხები / |
| Statement of responsibility, etc |
ომარ ფარტენაძე, ოთარ გოგოლიშვილი; რედ.თ. სირაძე. |
| 264 ## - წარმოების, გამოცემის, დისტრიბუციის და სხვა ცნობები |
| გამოცემის, წარმოების, დისტრიბუციის... ადგილი |
ბათუმი : |
| გამოცემის, წარმოების, დისტრიბუციის... სახელწოდება |
ბსუ, |
| გამოცემის, წარმოების, დისტრიბუციის... თარიღი |
2025. |
| 300 ## - ფიზიკური აღწერა |
| Extent |
110 გვ. |
| Other physical details |
20 სმ. |
| 653 ## - INDEX TERM--UNCONTROLLED |
| Uncontrolled term |
პოლიტიკა |
| 653 ## - INDEX TERM--UNCONTROLLED |
| Uncontrolled term |
სამართალი |
| 700 ## - ADDED ENTRY--PERSONAL NAME |
| Personal name |
გოგოლიშვილი, ოთარ |
| Relator term |
ავტორი |
| 9 (RLIN) |
26804 |
| 700 ## - ADDED ENTRY--PERSONAL NAME |
| Personal name |
სირაძე, თამარ |
| Relator term |
რედაქტორი |
| 9 (RLIN) |
26805 |
| 942 ## - ADDED ENTRY ELEMENTS (KOHA) |
| Source of classification or shelving scheme |
|
| Koha item type |
წიგნი |